| 000 | 01084nam a2200325 i 4500 | ||
|---|---|---|---|
| 999 |
_c200443520 _d61732 |
||
| 003 | TR-AnTOB | ||
| 005 | 20220620154619.0 | ||
| 007 | ta | ||
| 008 | 210915s1998 tu 00| 0 tur d | ||
| 040 |
_aTR-AnTOB _beng _erda _cTR-AnTOB |
||
| 041 | 0 | _atur | |
| 050 | 4 |
_aHD5715.5.T9 _bY39 1998 |
|
| 090 |
_aHD5715.5.T9 _bY39 1998 |
||
| 100 | 1 |
_aYazman, İrfan _eauthor _943560 |
|
| 245 | 1 | 0 |
_a75 Soruda İDDG el kitabı / _cİrfan Yazman. |
| 264 | 1 |
_aAnkara : _bUluslararası Çalışma Bürosu, _c1998. |
|
| 300 |
_a198 pages ; _c25 cm |
||
| 336 |
_2rdacontent _atext _btxt |
||
| 337 |
_2rdamedia _aunmediated _bn |
||
| 338 |
_2rdacarrier _avolume _bnc |
||
| 650 | 7 |
_aÇıraklar _zTürkiye _2etuturkob _9131482 |
|
| 650 | 7 |
_aTeknik eğitim _zTürkiye _2etuturkob _920156 |
|
| 653 | _aUğraşı eğitimi--Türkiye | ||
| 653 | _aÇalışanlar--Eğitim--Türkiye | ||
| 710 | 2 |
_aInternational Labour Office _927101 |
|
| 710 | 2 |
_aTürkiye Esnaf-Sanatkar ve Küçük Sanayi Araştırma Enstitüsü _943561 |
|
| 942 |
_2lcc _cBK |
||